000
00307nam a22001337a 4500
008
170424b xxu||||| |||| 00| 0 eng d
020
_a
085-396126
041
_a
eng
080
_2
4 ED
_a
573
100
_a
11
101
_a
SHM
245
_a
MOLECULAR BIOLOGY OF THE GENE
_c
WATSON.J.D
942
_2
udc
_c
BK
999
_c
11600
_d
11600